Motív, motivácia, stimul a stimulácia
Pohľady na fenomény, ktoré významne vstupujú do motivačného procesu. Skúmanie rozdielov procesu motivácie a procesu stimulácie.
Saved in:
| Main Author: | |
|---|---|
| Other Authors: | |
| Format: | Book Chapter |
| Language: | English |
| Subjects: | |
| Tags: |
No Tags, Be the first to tag this record!
|
MARC
| LEADER | 00000nla a2200000 4500 | ||
|---|---|---|---|
| 001 | 0240090 | ||
| 005 | 20240502073908.4 | ||
| 041 | 0 | |a eng | |
| 044 | |a SK | ||
| 245 | 1 | 0 | |a Motív, motivácia, stimul a stimulácia |
| 520 | |a Pohľady na fenomény, ktoré významne vstupujú do motivačného procesu. Skúmanie rozdielov procesu motivácie a procesu stimulácie. | ||
| 610 | 2 | 0 | |a zamestnávatelia |
| 610 | 2 | 0 | |a zamestnanci |
| 610 | 2 | 0 | |a motivácia |
| 610 | 2 | 0 | |a motivácia pracovná |
| 610 | 2 | 0 | |a stimuly |
| 610 | 2 | 0 | |a stimuly pracovné |
| 610 | 2 | 0 | |a výkony pracovné |
| 610 | 2 | 0 | |a spokojnosť v práci |
| 100 | 1 | |a Pružinský, Michal, 1952- | |
| 700 | 1 | |a Mucha, Martin | |